000 00951nam0a2200277 4500
001 RU\NLR\BIBL_A\016268534
005 20250128194045.0
035 _a(NLR Aleph) 016268534
090 _a13313571
_c13313571
100 _a20230125d1966 m y0rusy50 ca
101 0 _achv
102 _aRU
105 _ay z 000 y
181 0 _ai
_baxxe
182 0 _an
200 1 _aКăмăла хирěç
_e(тěне кěртиин сиенě çинчен)
_fН. А. Яснопольский
203 _aТекст
_bвизуальный
_cнепосредственный
210 _aШупашкар
_cЧǎваш АССР кěнеке изв-ви
_d1966
215 _a38,[2] с.
_d20
541 1 _aВопреки совести и убеждению
_zrus
686 1 _aФ61(2)51
700 1 _aЯснопольский
_bН. А.
_gНиколай Андреевич
_4070
852 _aNLR
_bОНЛ
_jЧув./2-3403
942 _cBOOK
980 _aNB